Ways to avoid the worst-case scenario (Record no. 71811)
[ view plain ]
| 000 -LEADER | |
|---|---|
| fixed length control field | 01215cam a2200205 4500 |
| 001 - CONTROL NUMBER | |
| control field | ABS66219 |
| 008 - FIXED-LENGTH DATA ELEMENTS--GENERAL INFORMATION | |
| fixed length control field | 021218n2002 000 0 eng u |
| 035 ## - SYSTEM CONTROL NUMBER | |
| System control number | (Sirsi) u120831 |
| 100 ## - MAIN ENTRY--PERSONAL NAME | |
| Personal name | Burren, O |
| 245 ## - TITLE STATEMENT | |
| Title | Ways to avoid the worst-case scenario |
| 260 ## - PUBLICATION, DISTRIBUTION, ETC. | |
| Date of publication, distribution, etc. | 2002 |
| 490 ## - SERIES STATEMENT | |
| Series statement | Estates Gazette |
| Volume/sequential designation | (0247) 23 November 2002, 142-143(2) |
| 520 ## - SUMMARY, ETC. | |
| Summary, etc. | Explains why firms should consider introducing risk-management practices to minimise costs of insurance premiums. Concludes that reasons behind the high-risk status of conveyancing are economic. Firstly, says enquiries must be followed to a conclusion, even if they seem unimportant, as failure to explore loose ends can lead to claims. Secondly, points out that most claims against solicitors result from basic administrative weaknesses, such as missed time limits, poor drafting, failure to read documents properly or omitting to obtain clear instructions. Recommends use of a diary, checklists, monitoring of fee-earners workloads, and use of an open culture of reporting for staff. |
| 590 ## - LOCAL NOTE (RLIN) | |
| Local note | ABS |
| 650 ## - SUBJECT ADDED ENTRY--TOPICAL TERM | |
| Topical term or geographic name entry element | INSURANCE PREMIUMS |
| 650 ## - SUBJECT ADDED ENTRY--TOPICAL TERM | |
| Topical term or geographic name entry element | RISK MANAGEMENT |
| 650 ## - SUBJECT ADDED ENTRY--TOPICAL TERM | |
| Topical term or geographic name entry element | CONVEYANCING |
| 690 ## - LOCAL SUBJECT ADDED ENTRY--TOPICAL TERM (OCLC, RLIN) | |
| Topical term or geographic name as entry element | MANAGEMENT-BUSINESS MANAGEMENT |
| 942 ## - ADDED ENTRY ELEMENTS (KOHA) | |
| Suppress in OPAC | 0 |
| Withdrawn status | Lost status | Source of classification or shelving scheme | Damaged status | Not for loan | Home library | Current library | Shelving location | Date acquired | Total Checkouts | Full call number | Barcode | Date last seen | Copy number | Price effective from | Koha item type |
|---|---|---|---|---|---|---|---|---|---|---|---|---|---|---|---|
| Dewey Decimal Classification | London | London | Journal article | 18/12/2002 | ABS66219 | 120831-1001 | 06/08/2019 | 1 | 06/08/2019 | Journal article |